000
00328nam a22001337a 4500
008
181025b xxu||||| |||| 00| 0 eng d
020
_a
9780789722065
041
_a
eng
080
_2
4 ED
_a
004
100
_a
30
101
_a
SHK
245
_a
The Idots Guide To Upgrading And Reparing Pcs
_c
Fulton.J
942
_2
udc
_c
BK
999
_c
50908
_d
50908